[Event "VEN-ch U18 Girls 3rd"]
[Site "San Antonio"]
[Date "2016.04.04"]
[Round "7.5"]
[White "Graterol Burgos, Greys Carolina"]
[Black "Lucena Sandoval, Maria Jose"]
[Result "1/2-1/2"]
[WhiteElo "1554"]
[BlackElo "1594"]
[PlyCount "47"]
[EventDate "2016.04.01"]
[EventType "swiss"]
[EventRounds "7"]
[EventCountry "VEN"]
[SourceTitle "EXT 2022"]
[Source "ChessBase"]
[SourceDate "2021.10.06"]
[SourceVersion "1"]
[SourceVersionDate "2021.10.06"]
[SourceQuality "1"]

1. c4 Nf6 2. Nf3 Nc6 3. g3 e5 4. d3 d5 5. cxd5 Nxd5 6. Bg2 Bb4+ 7. Bd2 Qe7 8. Bxb4 Qxb4+ 9. Qd2 Qxd2+ 10. Nbxd2 Be6 11. Ng5 Ndb4 12. Nxe6 fxe6 13. 0-0 0-0 14. a3 Nc2 15. Rac1 N2d4 16. Rfe1 Rad8 17. e3 Nf5 18. Bxc6 bxc6 19. Rxc6 Rxd3 20. Nc4 Nd6 21. Nxe5 Rd2 22. f4 Rxb2 23. Rxc7 Ne4 24. Rc4 1/2-1/2

[Event "VEN-ch U18 Girls 3rd"]
[Site "San Antonio"]
[Date "2016.04.03"]
[Round "6.4"]
[White "Pieve Ferrer, Cristina Elena"]
[Black "Graterol Burgos, Greys Carolina"]
[Result "1-0"]
[WhiteElo "1707"]
[BlackElo "1554"]
[PlyCount "123"]
[EventDate "2016.04.01"]
[EventType "swiss"]
[EventRounds "7"]
[EventCountry "VEN"]
[SourceTitle "EXT 2022"]
[Source "ChessBase"]
[SourceDate "2021.10.06"]
[SourceVersion "1"]
[SourceVersionDate "2021.10.06"]
[SourceQuality "1"]

1. e4 c5 2. Nf3 Nc6 3. d4 cxd4 4. Nxd4 Qb6 5. Nxc6 bxc6 6. Bd3 g6 7. Nd2 Bg7 8. Nb3 Nf6 9. 0-0 d6 10. h3 0-0 11. Be3 Qc7 12. Qd2 c5 13. e5 Nd7 14. Be4 Rb8 15. exd6 exd6 16. c3 Ne5 17. Rab1 Nc4 18. Qc1 Nxe3 19. Qxe3 Re8 20. Qf3 Rxe4 21. Qxe4 Bf5 22. Qd5 Bxb1 23. Rxb1 Be5 24. Nd2 Qd7 25. Qd3 Qa4 26. a3 Re8 27. Nc4 Qc6 28. Rd1 Re6 29. Nxe5 dxe5 30. Qd5 Qa4 31. Qa8+ Re8 32. Rd8 Rxd8 33. Qxd8+ Kg7 34. Qd5 Qf4 35. Qxc5 Qc1+ 36. Kh2 Qxb2 37. Qxe5+ Kh6 38. Qe3+ Kg7 39. Qd4+ Kh6 40. Qc5 a6 41. Qf8+ Kg5 42. h4+ Kf6 43. Qd6+ Kf5 44. Qd5+ Kf6 45. Qd4+ Ke6 46. a4 Qb8+ 47. g3 Qd6 48. Qc4+ Ke7 49. Kg2 Qd2 50. Qb4+ Ke6 51. Qc4+ Ke7 52. Qc5+ Ke6 53. c4 Qc2 54. Qc6+ Ke7 55. c5 Qc4 56. Qd6+ Ke8 57. Qc6+ Ke7 58. Qd6+ Ke8 59. c6 Qe4+ 60. Kh2 Qe7 61. Qb8+ Qd8 62. c7 1-0

[Event "VEN-ch U18 Girls 3rd"]
[Site "San Antonio"]
[Date "2016.04.02"]
[Round "4.5"]
[White "Graterol Burgos, Greys Carolina"]
[Black "Romero Hernandez, Aynel Natasha"]
[Result "1-0"]
[WhiteElo "1554"]
[BlackElo "1526"]
[PlyCount "91"]
[EventDate "2016.04.01"]
[EventType "swiss"]
[EventRounds "7"]
[EventCountry "VEN"]
[SourceTitle "EXT 2022"]
[Source "ChessBase"]
[SourceDate "2021.10.06"]
[SourceVersion "1"]
[SourceVersionDate "2021.10.06"]
[SourceQuality "1"]

1. c4 c5 2. Nc3 Nc6 3. g3 Nf6 4. Bg2 e6 5. e3 a6 6. Nge2 Be7 7. d4 cxd4 8. Nxd4 Nxd4 9. exd4 Qc7 10. Qe2 0-0 11. 0-0 Bd6 12. c5 Be7 13. Bf4 Qd8 14. Na4 d6 15. Nb6 Ra7 16. Rfd1 d5 17. Bb8 Ra8 18. Nxa8 Bd7 19. Nb6 Bb5 20. Qe3 Qxb8 21. Nxd5 exd5 22. Qxe7 Re8 23. Qd6 Qxd6 24. cxd6 Rd8 25. Rac1 Bc6 26. Re1 Kf8 27. Re5 Rxd6 28. Bh3 Ne4 29. Kg2 Nf6 30. b4 Nd7 31. Bxd7 Bxd7 32. Rc7 b5 33. Rb7 f6 34. Re1 Kf7 35. Rc1 Ke7 36. Rcc7 Ke6 37. f4 g6 38. g4 f5 39. h3 h6 40. Kg3 h5 41. gxf5+ gxf5 42. Kh4 Ke7 43. Kxh5 Kd8 44. Rxd7+ Rxd7 45. Rxd7+ Kxd7 46. Kg5 1-0

[Event "VEN-ch U18 Girls 3rd"]
[Site "San Antonio"]
[Date "2016.04.02"]
[Round "3.4"]
[White "Ordonez, Mariexy De Los Ange"]
[Black "Graterol Burgos, Greys Carolina"]
[Result "1-0"]
[WhiteElo "1631"]
[BlackElo "1554"]
[PlyCount "99"]
[EventDate "2016.04.01"]
[EventType "swiss"]
[EventRounds "7"]
[EventCountry "VEN"]
[SourceTitle "EXT 2022"]
[Source "ChessBase"]
[SourceDate "2021.10.06"]
[SourceVersion "1"]
[SourceVersionDate "2021.10.06"]
[SourceQuality "1"]

1. d4 Nf6 2. c4 c5 3. d5 b5 4. cxb5 a6 5. b6 d6 6. Nc3 Nbd7 7. Nf3 g6 8. e4 Nxb6 9. Be2 Bg7 10. 0-0 0-0 11. Bg5 h6 12. Be3 Rb8 13. Qd2 Kh7 14. h3 Ne8 15. Nh2 Nc7 16. f4 e6 17. dxe6 Nxe6 18. f5 Nd4 19. fxg6+ fxg6 20. Nf3 Nxe2+ 21. Qxe2 Be6 22. Rfd1 Nc4 23. Rab1 Qa5 24. Nd5 Nxb2 25. Rdc1 Na4 26. Bd2 Qd8 27. Qxa6 Ra8 28. Qd3 Qd7 29. Rb3 Qa7 30. Kh1 Rab8 31. Rcb1 Rxb3 32. Qxb3 Bxd5 33. Qxd5 Rb8 34. Rxb8 Qxb8 35. Bf4 Qb1+ 36. Kh2 Nc3 37. Qxd6 Nxe4 38. Qe7 Kg8 39. Be5 Bxe5+ 40. Nxe5 Ng5 41. h4 Qf5 42. hxg5 Qf4+ 43. Kh3 Qf5+ 44. Ng4 h5 45. Qe8+ Qf8 46. Nf6+ Kg7 47. Qxf8+ Kxf8 48. Nd7+ Ke7 49. Nxc5 Kd6 50. Ne4+ 1-0